| 000 | 00341nam a2200133Ia 4500 | ||
|---|---|---|---|
| 005 | 20251222143301.0 | ||
| 008 | 251222s9999||||xx |||||||||||||| ||spa|| | ||
| 020 | _a9972-9995-3-X | ||
| 082 | _a370.7/R76 | ||
| 100 | _aRodrÃguez Oyola, B. Augusto | ||
| 245 | 0 | _aLa Educación Integral y Clubes Escolares: | |
| 264 | _bZignos | ||
| 942 | _cLIB | ||
| 999 |
_c15351 _d15351 |
||